000 00487nam a22001697a 4500
003 CEME
005 20210628205614.0
008 210308b xxu||||| |||| 00| 0 eng d
020 _a0-632-03248-0
040 _c.
082 _a629.133352 PAD'H
100 _aPadfield, Gareth D
_976226
245 _aHelicopter flight dynamics the theory and applications of flying qualities and simulation modeling
260 _aLONDON
_bBLACKWELL SCIENCE
_c1996
300 _a514P
942 _cBK
_2ddc
999 _c581628
_d581628